|
|
|
|
| LEADER |
00911nam a2200217 a 4500 |
| 001 |
3114340 |
| 008 |
090719s1965 nju b 000 0 eng d |
| 010 |
|
|
|a 65023296
|
| 040 |
|
|
|a DLC
|c DLC
|d DLC
|
| 082 |
0 |
0 |
|a 821.7
|2 16
|
| 100 |
1 |
|
|a Ridenour, George M.,
|e ed.
|
| 245 |
0 |
0 |
|a Shelley;
|b a collection of critical essays.
|c Edited by George M. Ridenour.
|
| 260 |
|
|
|a Englewood Cliffs, N.J.,
|b Prentice-Hall
|c [1965]
|
| 300 |
|
|
|a 182 p.
|c 21 cm.
|
| 490 |
0 |
|
|a Twentieth century views
|
| 504 |
|
|
|a Bibliography: p. 181-182. Bibliographical footnotes.
|
| 541 |
1 |
|
|e 00009338
|
| 600 |
1 |
0 |
|a Shelley, Percy Bysshe,
|d 1792-1822
|x Criticism and interpretation.
|
| 852 |
4 |
|
|a Ayesha Abed Library
|j General shelf.
|
| 999 |
|
|
|c 2521
|d 2521
|
| 952 |
|
|
|0 0
|1 0
|2 ddc
|4 1
|6 821_700000000000000_SHE_1965
|7 0
|9 2412
|a BRACUL
|b BRACUL
|c SPS
|d 2009-07-22
|g 0.00
|l 0
|o 821.7 SHE
|p 3010009338
|r 2009-07-22
|t 1
|w 2009-07-22
|y BK
|x No price found in the accession register.
|